[Event "AUTO-OPEN-1986"]
[Site "http://www.queenalice.com/game.php?id=779762"]
[Date "2010.5.23"]
[Round "1"]
[White "FreitasPC"]
[Black "OldWanderer"]
[Result "0-1"]
[WhiteElo "1493"]
[BlackElo "2210"]

1. d4 Nf6 2. c4 e6 3. Nc3 Bb4 4. e3 d5 5. Nf3 O-O 6. Bd3 c5 7. O-O Nc6 8. a3
Bxc3 9. bxc3 b6 10. dxc5 bxc5 11. cxd5 exd5 12. Bb2 c4 13. Be2 Rb8 14. Qc2 Bf5
15. Qxf5 Rxb2 16. Rfe1 Qe7 17. Nd4 Nxd4 18. cxd4 g6 19. Qf3 Ne4 20. a4 Qh4 21.
g3 Qh6 22. h4 f5 23. Qf4 Qxf4 24. gxf4 Rfb8 25. Kg2 Kg7 26. f3 Nc3 27. Kf1 a5
28. e4 fxe4 29. fxe4 Nxe4 30. Kg1 R8b3 31. Bxc4 Rg3+ 32. Kh1 Rgg2 33. Re3 Rh2+
34. Kg1 Rbg2+ 0-1

[Event "AUTO-OPEN-1996"]
[Site "http://www.queenalice.com/game.php?id=783923"]
[Date "2010.6.1"]
[Round "1"]
[White "Agildo"]
[Black "OldWanderer"]
[Result "0-1"]
[WhiteElo "1773"]
[BlackElo "2201"]

1. d4 d5 2. c4 e6 3. Nf3 c6 4. Bf4 dxc4 5. a4 Nf6 6. e3 Bb4+ 7. Nbd2 b5 8. Be2
Nbd7 9. O-O O-O 10. e4 a6 11. e5 Nd5 12. Bg5 Qc7 13. Ne4 Bb7 14. Bd2 c5 15. dxc5
Bxc5 16. Rc1 Ne3 17. Bxe3 Bxe4 18. Bf4 Rad8 19. Qe1 Bxf3 20. Bxf3 Bd4 21. axb5
axb5 22. Qb4 Bxe5 23. Bxe5 Nxe5 24. Be2 Rd5 25. b3 Nc6 26. Qc3 Nd4 27. Bf3 Rc8
28. Rfe1 Nxf3+ 29. Qxf3 c3 30. Red1 c2 31. Rxd5 exd5 32. Qd3 d4 33. Qxd4 Rd8 34.
Qg4 Qf4 35. Rxc2 Qxg4 36. h3 Qd1+ 37. Kh2 Qxc2 38. Kg3 Qxb3+ 39. f3 Qe3 40. Kh4
Qf4+ 41. g4 b4 42. Kh5 Qh6# 0-1

[Event "AUTO-OPEN-1996"]
[Site "http://www.queenalice.com/game.php?id=783924"]
[Date "2010.6.1"]
[Round "1"]
[White "OldWanderer"]
[Black "Agildo"]
[Result "1-0"]
[WhiteElo "2201"]
[BlackElo "1747"]

1. e4 e5 2. Nf3 Nc6 3. Bb5 a6 4. Ba4 Nf6 5. d3 b5 6. Bb3 Bb4+ 7. c3 Be7 8. Bd5
Nxd5 9. exd5 Nb8 10. Nxe5 O-O 11. O-O d6 12. Nf3 Bg4 13. h3 Bh5 14. Bf4 c6 15.
a4 Re8 16. Nbd2 cxd5 17. Qb3 Bg6 18. Qxd5 Nd7 19. axb5 axb5 20. Nd4 Bxd3 21. Nc6
Rxa1 22. Rxa1 Qb6 23. Nxe7+ Rxe7 24. Ra8+ Nf8 25. Bxd6 Re1+ 26. Kh2 h6 27. Rxf8+
Kh7 28. Qxd3+ g6 29. Rxf7+ Kh8 30. Qxg6 Qxd6+ 31. Qxd6 Re8 32. Qxh6+ 1-0

[Event "AUTO-OPEN-1996"]
[Site "http://www.queenalice.com/game.php?id=783947"]
[Date "2010.6.1"]
[Round "1"]
[White "chessman"]
[Black "OldWanderer"]
[Result "0-1"]
[WhiteElo "1974"]
[BlackElo "2201"]

1. e4 e5 2. Nf3 Nf6 3. Nxe5 d6 4. Nf3 Nxe4 5. d4 d5 6. Bd3 Nc6 7. h3 Bb4+ 8. c3
Bd6 9. O-O O-O 10. Re1 Bf5 11. Nbd2 Nxf2 12. Kxf2 Bxd3 13. Nf1 Be4 14. Kg1 f5
15. Be3 a6 16. a4 Qd7 17. b4 Rfe8 18. Qe2 f4 19. Bd2 h6 20. N1h2 Bf5 21. Qf1 Qf7
22. b5 Na5 23. Rxe8+ Rxe8 24. bxa6 bxa6 25. Qxa6 Nc4 26. Qb5 Bd7 27. Qb1 Re2 28.
Qf1 Rxd2 29. Nxd2 Nxd2 30. Qd3 Nb3 31. Re1 Na5 32. Nf3 Nc4 33. Ne5 Nxe5 34. dxe5
Bc5+ 35. Kh1 Be3 36. a5 Bf5 37. Qb5 Be4 38. a6 Qf5 39. Kh2 Qg5 0-1

[Event "AUTO-OPEN-1996"]
[Site "http://www.queenalice.com/game.php?id=783948"]
[Date "2010.6.1"]
[Round "1"]
[White "OldWanderer"]
[Black "chessman"]
[Result "1-0"]
[WhiteElo "2169"]
[BlackElo "1938"]

1. e4 e6 2. d4 d5 3. e5 c5 4. c3 Nc6 5. Nf3 Qb6 6. Be2 Nge7 7. dxc5 Qxc5 8. Na3
a6 9. O-O Ng6 10. Be3 Qa5 11. Qb3 Bxa3 12. Bb6 1-0

[Event "AUTO-OPEN-1996"]
[Site "http://www.queenalice.com/game.php?id=783963"]
[Date "2010.6.1"]
[Round "1"]
[White "OldWanderer"]
[Black "wilian"]
[Result "1-0"]
[WhiteElo "2201"]
[BlackElo "1196"]

1. e4 e5 2. Nf3 Nc6 3. Bb5 d6 4. d4 f6 5. d5 Bd7 6. dxc6 Bxc6 7. Qd3 Bxb5 8.
Qxb5+ c6 9. Qxb7 Qb8 10. Qxc6+ Ke7 11. Nc3 Nh6 12. Nd5+ Kf7 13. Bxh6 gxh6 14.
Qd7+ Kg8 15. Nxf6# 1-0

[Event "AUTO-OPEN-1996"]
[Site "http://www.queenalice.com/game.php?id=783964"]
[Date "2010.6.1"]
[Round "1"]
[White "wilian"]
[Black "OldWanderer"]
[Result "0-1"]
[WhiteElo "1207"]
[BlackElo "2201"]

1. e4 e5 2. Nf3 Nf6 3. Nxe5 d6 4. Nf3 Nxe4 5. Qe2 Qe7 6. d3 Nf6 7. Qxe7+ Bxe7 8.
d4 O-O 9. Bb5 Nc6 10. Bxc6 bxc6 11. O-O Bf5 12. Na3 Rab8 13. b3 d5 14. c4 Bb4
15. Nc2 Bxc2 16. Bf4 dxc4 17. bxc4 Rb7 18. Rac1 Bd3 19. Rfd1 Be2 20. Re1 Bxe1
21. Nxe1 Rfb8 22. h3 Rb1 0-1

[Event "AUTO-OPEN-2000"]
[Site "http://www.queenalice.com/game.php?id=785350"]
[Date "2010.6.4"]
[Round "1"]
[White "OldWanderer"]
[Black "mauricio_sm"]
[Result "1-0"]
[WhiteElo "2231"]
[BlackElo "1968"]

1. e4 e5 2. Nf3 Nc6 3. Bb5 a6 4. Ba4 Nf6 5. O-O b5 6. Bb3 Be7 7. d4 exd4 8. e5
Ng4 9. Re1 d6 10. Bd5 Bb7 11. Nxd4 Ngxe5 12. Nxc6 Bxc6 13. Rxe5 1-0

[Event "AUTO-OPEN-2000"]
[Site "http://www.queenalice.com/game.php?id=785351"]
[Date "2010.6.4"]
[Round "1"]
[White "mauricio_sm"]
[Black "OldWanderer"]
[Result "1/2-1/2"]
[WhiteElo "1936"]
[BlackElo "2237"]

1. e4 e5 2. Nf3 Nf6 3. Nc3 Bb4 4. a3 Bxc3 5. dxc3 O-O 6. Bd3 d5 7. Bg5 dxe4 8.
Bxf6 Qxf6 9. Bxe4 Nc6 10. O-O Bf5 11. Bxc6 bxc6 12. Re1 Bg4 13. Re3 Qe6 14. Qe2
f6 15. h3 Bxf3 16. Qxf3 Rad8 17. Rd1 Rxd1+ 18. Qxd1 Qa2 19. Qc1 a5 20. b4 h6 21.
Rd3 axb4 22. cxb4 c5 23. c3 Ra8 24. Qe3 Qc4 25. Qe2 Qf4 26. Qd1 e4 27. g3 Qe5
28. Rd8+ Rxd8 29. Qxd8+ Kh7 30. bxc5 Qxc5 31. Qd4 Qxa3 32. Qxe4+ Kh8 33. Qe8+
Kh7 34. Qc6 Qe7 1/2-1/2

[Event "AUTO-OPEN-2000"]
[Site "http://www.queenalice.com/game.php?id=785352"]
[Date "2010.6.4"]
[Round "1"]
[White "OldWanderer"]
[Black "Brunao"]
[Result "1-0"]
[WhiteElo "2237"]
[BlackElo "1629"]

1. e4 d5 2. exd5 Qxd5 3. Nc3 Qe5+ 4. Be2 Bg4 5. d4 Bxe2 6. Ngxe2 Qf5 7. O-O e6
8. d5 Qe5 9. Re1 Bd6 10. Nf4 g5 11. Rxe5 Bxe5 12. dxe6 gxf4 13. Qd5 fxe6 14.
Qxe5 Nh6 15. Qxe6+ Kd8 16. Bxf4 Re8 17. Rd1+ Nd7 18. Qxd7# 1-0

[Event "AUTO-OPEN-2000"]
[Site "http://www.queenalice.com/game.php?id=785353"]
[Date "2010.6.4"]
[Round "1"]
[White "Brunao"]
[Black "OldWanderer"]
[Result "0-1"]
[WhiteElo "1687"]
[BlackElo "2237"]

1. d4 d5 2. g4 Bxg4 3. Qd3 Nc6 4. h3 Bh5 5. Bg2 e6 6. c3 Bd6 7. h4 Nf6 8. Bg5
Bg6 9. Qb5 O-O 10. Qxb7 Qd7 11. b4 Rab8 12. Qa6 Rb6 13. Qa4 Nxb4 14. Qxd7 Nc2+
15. Kd2 Nxd7 16. h5 Bf5 17. e4 Nxa1 18. Nf3 Bxe4 19. Na3 f6 20. Be3 Rb2+ 21. Kc1
Bxa3 22. Nh4 Rc2+ 23. Kd1 Rb8 24. Bxe4 Rb1+ 25. Bc1 Rbxc1# 0-1

[Event "AUTO-OPEN-2000"]
[Site "http://www.queenalice.com/game.php?id=785354"]
[Date "2010.6.4"]
[Round "1"]
[White "OldWanderer"]
[Black "luhosavi"]
[Result "0-1"]
[WhiteElo "2191"]
[BlackElo "2273"]

1. e4 c5 2. Nc3 Nc6 3. Bb5 Nd4 4. Bc4 a6 5. Nge2 e6 6. d3 b5 7. Bb3 Bb7 8. Nxd4
cxd4 9. Ne2 e5 10. O-O Nf6 11. f4 Bd6 12. Ng3 O-O 13. Nf5 Bc7 14. Qf3 d5 15.
exd5 Qd7 16. fxe5 Bxe5 17. Bg5 Qc7 0-1